[Event "2012(Zaozhuang-China) Asian Nations Chess Cup"]
[Site "ZaoZhuang, China"]
[Date "2012.05.18"]
[Round "2"]
[Board "3"]
[White "Wen, Yang"]
[Black "Ismael, Namir Mohammed Ismael"]
[Result "1-0"]
[WhiteElo "2550"]
[BlackElo "2192"]
[PlyCount "0"]
[EventDate "2012.05.17"]
[EventType "team"]
[EventRounds "9"]
[EventCountry "CHN"]
[WhiteTeam "China 2"]
[BlackTeam "Iraq"]

1. d4 d5 2. c4 e6 3. Nf3 c6 4. Nbd2 Nf6 5. g3 Nbd7 6. Bg2 Bd6 7. O-O O-O 8. Qc2
e5 9. cxd5 cxd5 10. dxe5 Nxe5 11. Nxe5 Bxe5 12. Nf3 Bd6 13. Be3 Be6 14. Bd4 Rc8
15. Qd3 Bc5 16. e3 Bxd4 17. Nxd4 Qb6 18. a4 a6 19. a5 Qb4 20. Rfb1 Rc5 21. Qa3
Qxa3 22. Rxa3 Rfc8 23. Raa1 Bd7 24. b4 R5c7 25. b5 Bxb5 26. Nxb5 axb5 27. Rxb5
Kf8 28. Bxd5 Rc1+ 29. Rxc1 Rxc1+ 30. Kg2 Nxd5 31. Rxd5 Ra1 32. Rb5 g6 33. g4 h6
34. h4 Ra4 35. Kf3 Kg7 36. e4 Ra2 37. Ke3 Ra4 38. Kf4 Kf6 39. g5+ hxg5+ 40.
hxg5+ Kg7 41. Ke5 Ra2 42. f4 Ra4 43. Kd5 Kf8 44. Kc5 Rxe4 45. Rxb7 Rxf4 46. a6
Ra4 47. a7 Kg7 48. Kb6 1-0

[Event "2012(Zaozhuang-China) Asian Nations Chess Cup"]
[Site "ZaoZhuang, China"]
[Date "2012.05.18"]
[Round "2"]
[Board "2"]
[White "Munkhgal, Gombosuren"]
[Black "Lee, Sanghoon"]
[Result "1-0"]
[WhiteElo "2387"]
[BlackElo "2137"]
[PlyCount "0"]
[EventDate "2012.05.17"]
[EventType "team"]
[EventRounds "9"]
[EventCountry "CHN"]
[WhiteTeam "Mongolia"]
[BlackTeam "Korea"]

1. d4 Nf6 2. c4 g6 3. Nc3 d5 4. Bg5 Ne4 5. Bh4 Nxc3 6. bxc3 dxc4 7. e3 Be6 8.
Nf3 Bg7 9. Qb1 Qd5 10. Be2 Bf5 11. Qb4 c5 12. Qxc4 Be4 13. O-O Qxc4 14. Bxc4 e6
15. Bb5+ Bc6 16. Rab1 cxd4 17. Nxd4 Bxd4 18. cxd4 Bxb5 19. Rxb5 b6 20. Rc1 Na6
21. Rb3 Kd7 22. g4 Rhc8 23. Rxc8 Kxc8 24. e4 Kd7 25. Rf3 Ke8 26. Rc3 Kd7 27.
Bf6 Nb4 28. a3 Nc6 29. Rh3 h5 30. gxh5 gxh5 31. Rxh5 Rg8+ 32. Kf1 Rg4 33. d5
exd5 34. exd5 Ne7 35. h4 Kd6 36. Be5+ Kxd5 37. Bb8+ Ke6 38. Bxa7 Ra4 39. Bxb6
Rxa3 40. Rh6+ Kf5 41. Bc7 Kg4 42. Rf6 Rf3 43. Ra6 Nf5 44. Ra4+ Kh5 45. Kg2 Rd3
46. Ra5 Kg6 47. h5+ Kf6 48. Be5+ Kg5 49. Bb2 Kg4 50. h6 Nxh6 51. Bc1 Rd6 52.
f3+ Kh4 53. Bg5+ Kh5 54. Bf4+ 1-0

[Event "2012(Zaozhuang-China) Asian Nations Chess Cup"]
[Site "ZaoZhuang, China"]
[Date "2012.05.18"]
[Round "2"]
[Board "4"]
[White "Nasanjargal, Urtnasan"]
[Black "Kim, Changhoon"]
[Result "1-0"]
[WhiteElo "2304"]
[BlackElo "1791"]
[PlyCount "0"]
[EventDate "2012.05.17"]
[EventType "team"]
[EventRounds "9"]
[EventCountry "CHN"]
[WhiteTeam "Mongolia"]
[BlackTeam "Korea"]

1. e4 e6 2. d4 d5 3. Nc3 Bb4 4. e5 Ne7 5. a3 Bxc3+ 6. bxc3 c5 7. Qg4 Qc7 8.
Qxg7 Rg8 9. Qxh7 cxd4 10. Ne2 Nbc6 11. f4 dxc3 12. Qd3 Nf5 13. Nxc3 Ncd4 14. g3
Bd7 15. Bh3 Rc8 16. Bd2 Ne3 17. Bxe3 Qxc3+ 18. Qxc3 Nf3+ 19. Kd1 Rxc3 20. Bd2
Nxd2 21. Kxd2 Rc5 22. Bf1 Ba4 23. Bd3 Ke7 24. Rhg1 Rgc8 25. Ra2 f5 26. exf6+
Kxf6 27. h4 Be8 28. g4 Bg6 29. f5 exf5 30. h5 Bf7 31. g5+ Ke5 32. g6 Be6 33. h6
Kf6 34. Rb2 R5c7 35. Rb4 Rh8 36. Rh4 Rg7 37. hxg7 Rxh4 38. Re1 Bg8 39. Re8 Kxg7
40. Bxf5 Ra4 41. Ke3 b6 42. Rb8 Kf6 43. Bd3 Be6 44. Re8 Rg4 45. Rf8+ Kg7 46.
Re8 Kf6 47. Kf3 Rg1 48. Rf8+ Kg7 49. Ra8 a5 50. Kf4 Bh3 51. Rb8 Rb1 52. Ke5 Bf1
53. Rb7+ 1-0

[Event "2012(Zaozhuang-China) Asian Nations Chess Cup"]
[Site "ZaoZhuang, China"]
[Date "2012.05.18"]
[Round "2"]
[Board "1"]
[White "Megaranto, Susanto"]
[Black "Lai, Cyrus Ho-yeung"]
[Result "1-0"]
[WhiteElo "2517"]
[BlackElo "1826"]
[PlyCount "0"]
[EventDate "2012.05.17"]
[EventType "team"]
[EventRounds "9"]
[EventCountry "CHN"]
[WhiteTeam "Indonesia"]
[BlackTeam "Hong Kong"]

1. Nf3 Nf6 2. d4 g6 3. Bf4 Bg7 4. e3 O-O 5. h3 d5 6. Bd3 c5 7. c3 cxd4 8. exd4
Nc6 9. O-O a6 10. a4 e6 11. Nbd2 Qb6 12. b4 Bd7 13. Re1 Rfc8 14. Nb3 Be8 15.
Qd2 a5 16. b5 Nb8 17. Rac1 Nbd7 18. c4 dxc4 19. Bxc4 Qd8 20. Bd3 Rxc1 21. Rxc1
Nd5 22. Bg5 Bf6 23. h4 Bxg5 24. hxg5 Nb4 25. Be4 Rb8 26. Qf4 b6 27. Nbd2 Rc8
28. Nf1 Rxc1 29. Qxc1 Qb8 30. Ne3 Qd8 31. Ng4 Qb8 32. Nfe5 Nxe5 33. dxe5 Kg7
34. Nf6 Bxb5 35. axb5 Qxe5 36. Qc8 1-0

[Event "2012(Zaozhuang-China) Asian Nations Chess Cup"]
[Site "ZaoZhuang, China"]
[Date "2012.05.18"]
[Round "2"]
[Board "2"]
[White "Lo, Cheuk Wai"]
[Black "Hamdani, Rudin"]
[Result "0-1"]
[WhiteElo "1818"]
[BlackElo "2322"]
[PlyCount "0"]
[EventDate "2012.05.17"]
[EventType "team"]
[EventRounds "9"]
[EventCountry "CHN"]
[WhiteTeam "Hong Kong"]
[BlackTeam "Indonesia"]

1. e4 Nf6 2. e5 Nd5 3. d4 d6 4. c4 Nb6 5. exd6 exd6 6. h3 Be7 7. Nf3 Bf5 8. Bd3
Bxd3 9. Qxd3 O-O 10. Nc3 Nc6 11. O-O Re8 12. b3 Bf6 13. Ne4 d5 14. Nxf6+ Qxf6
15. c5 Nd7 16. Be3 h6 17. b4 a6 18. Rab1 Ne7 19. b5 a5 20. Rfc1 Nf8 21. Ne5
Nfg6 22. Ng4 Qf5 23. Qd2 h5 24. Ne5 Nxe5 25. dxe5 c6 26. a4 Qxe5 27. Bd4 Qf5
28. Rb3 Ng6 29. Rf3 Qe4 30. Bc3 d4 31. Qxd4 Qxd4 32. Bxd4 Re4 33. Rd3 Rd8 34.
Rcd1 Nf4 0-1

[Event "2012(Zaozhuang-China) Asian Nations Chess Cup"]
[Site "ZaoZhuang, China"]
[Date "2012.05.19"]
[Round "3"]
[Board "4"]
[White "Gupta, Abhijeet"]
[Black "Yu, Yangyi"]
[Result "1-0"]
[WhiteElo "2644"]
[BlackElo "2626"]
[PlyCount "0"]
[EventDate "2012.05.17"]
[EventType "team"]
[EventRounds "9"]
[EventCountry "CHN"]
[WhiteTeam "India"]
[BlackTeam "China 1"]

1. d4 Nf6 2. c4 e6 3. Nc3 Bb4 4. Qc2 d5 5. cxd5 exd5 6. Bg5 h6 7. Bh4 c5 8.
dxc5 g5 9. Bg3 Ne4 10. e3 Qa5 11. Rc1 Bf5 12. Bxb8 Rxb8 13. Bd3 O-O 14. Nge2
Rfc8 15. O-O Rxc5 16. f3 Nxc3 17. bxc3 Bxd3 18. Qxd3 Ba3 19. Rb1 Qa4 20. Nd4
Rcc8 21. f4 Qa6 22. Rb5 g4 23. Rfb1 Bf8 24. Qf5 Rxc3 25. Qxg4+ Qg6 26. Qxg6+
fxg6 27. R1b3 Rc1+ 28. Kf2 Bc5 29. Ne2 Rc4 30. Rxb7 Rxb7 31. Rxb7 Ra4 32. Kf3
Ra3 33. Rb3 Rxa2 34. Nc3 Rc2 35. Nxd5 Kf7 36. Nb4 Rd2 37. Nd3 Bd6 38. Nf2 Be7
39. Rb7 a5 40. Ne4 Rd5 41. Ra7 g5 42. g3 Ke8 43. Ra6 h5 44. Nf6+ Bxf6 45. Rxf6
Ke7 46. Ra6 Rb5 47. Ke4 Kf7 48. h4 Rb4+ 49. Ke5 Rb5+ 50. Kd4 Rb4+ 51. Kc3 gxf4
52. gxf4 Rb5 53. e4 Rb4 54. Kd3 Rb3+ 55. Kd4 Rb4+ 56. Ke5 Rb5+ 57. Kd6 Rb4 58.
Ra7+ Kg6 59. f5+ Kf6 60. Kd5 Rb5+ 61. Kd4 Rb4+ 62. Ke3 a4 63. Ra6+ Kf7 64. Kf4
Rc4 65. Ke5 Rc5+ 66. Kd4 Rc1 67. Rxa4 Rh1 68. Ra7+ Kf6 69. Ra6+ Kf7 70. Ke5
Rxh4 71. Ra7+ Ke8 72. f6 Rg4 73. Kf5 1-0

[Event "2012(Zaozhuang-China) Asian Nations Chess Cup"]
[Site "ZaoZhuang, China"]
[Date "2012.05.19"]
[Round "3"]
[Board "2"]
[White "Zhou, Jianchao"]
[Black "Nguyen, Ngoc Truong Son"]
[Result "1/2-1/2"]
[WhiteElo "2609"]
[BlackElo "2656"]
[PlyCount "0"]
[EventDate "2012.05.17"]
[EventType "team"]
[EventRounds "9"]
[EventCountry "CHN"]
[WhiteTeam "China 2"]
[BlackTeam "Vietnam"]

1. c4 Nf6 2. Nc3 g6 3. e4 d6 4. d4 Bg7 5. Nf3 O-O 6. Be2 c5 7. d5 e6 8. O-O Re8
9. dxe6 Bxe6 10. Bf4 Qb6 11. Qc2 Nh5 12. Be3 Nc6 13. Rad1 Rad8 14. a3 Qc7 15.
Nd5 Qc8 16. Bg5 Rd7 17. h3 h6 18. Be3 Qd8 19. Rfe1 Nf6 20. Bf1 a6 21. b4 cxb4
22. Bb6 Qc8 23. axb4 Bxd5 24. cxd5 Ne5 25. Qxc8 Nxf3+ 26. gxf3 Rxc8 27. Rc1 Ra8
28. Rc4 Nh5 29. Rec1 Be5 30. Rc7 Rad8 31. R7c4 Rf8 32. Rc7 Rfd8 33. R7c4 Rf8
34. Rc7 1/2-1/2

[Event "2012(Zaozhuang-China) Asian Nations Chess Cup"]
[Site "ZaoZhuang, China"]
[Date "2012.05.19"]
[Round "3"]
[Board "3"]
[White "Nguyen, Duc Hoa"]
[Black "Zhao, Jun"]
[Result "1/2-1/2"]
[WhiteElo "2496"]
[BlackElo "2577"]
[PlyCount "0"]
[EventDate "2012.05.17"]
[EventType "team"]
[EventRounds "9"]
[EventCountry "CHN"]
[WhiteTeam "Vietnam"]
[BlackTeam "China 2"]

1. Nf3 Nf6 2. g3 g6 3. Bg2 Bg7 4. O-O O-O 5. c4 d6 6. d4 Nc6 7. Nc3 Rb8 8. b3
a6 9. Nd5 Nh5 10. Bb2 e6 11. Nc3 b5 12. cxb5 axb5 13. Rc1 Bd7 14. Qd2 b4 15.
Na4 Na5 16. Qc2 Bxa4 17. bxa4 b3 18. axb3 Nxb3 19. Rb1 c5 20. dxc5 Nxc5 21.
Bxg7 Nxg7 22. Nd4 Rxb1 23. Rxb1 Qa5 24. Ra1 Nf5 25. Nc6 Qc7 26. a5 Ne7 27.
Nxe7+ Qxe7 28. h4 h5 29. a6 Qa7 30. Qd1 d5 31. e3 Ra8 32. Bf1 Qb8 33. Qc2 Qb6
34. Qc3 Ne4 35. Qc1 Qb4 36. Ra2 Qd6 37. Rc2 Rxa6 38. Rc8+ Kg7 39. Qb2+ Nf6 40.
Bxa6 Qxa6 41. Rc7 Qd6 42. Qb7 Qf8 43. Rc8 Qd6 44. Rc6 Qa3 45. Kg2 Ng4 46. Rc7
Ne5 47. Qb6 Qd3 48. Qd4 Qe4+ 49. Qxe4 dxe4 50. Kf1 Kf6 51. Ke2 Ng4 52. Ra7 Ne5
53. Ra4 Kf5 54. Kd2 Ng4 55. f3 Nh2 56. Ra5+ Kf6 57. fxe4 Ng4 58. Rc5 Nf2 59.
e5+ Kg7 60. Rc4 Ng4 61. Re4 Nf2 62. Ra4 Ng4 63. Ra5 Kg8 64. Kd3 Kg7 65. Kd4 Kg8
66. Ra1 Kg7 67. Rf1 Kf8 68. Rf4 Nh6 69. e4 Kg7 70. Kc5 Kg8 71. Kd6 Kg7 72. Ke7
Ng8+ 73. Ke8 Nh6 74. Rf1 Kg8 75. Ra1 Ng4 76. Ra5 Kg7 77. Ke7 Kg8 78. Rb5 Kg7
79. Rc5 Kg8 80. Kd6 Kg7 81. Rc8 Nf2 82. Ke7 Ng4 83. Rc5 Kg8 84. Rb5 Kg7 85. Kd6
Kg8 86. Rb3 Kf8 87. Rf3 Ke8 88. Rf4 Nh6 89. Rf6 Ng4 90. Rf3 Nh6 91. Rf4 Ng4 92.
Rxg4 hxg4 93. Kc6 Kd8 94. Kc5 Kc7 95. Kd4 Kc6 96. Ke3 Kc5 97. Kf4 Kd4 98. Kxg4
Kxe4 99. Kg5 Kxe5 100. g4 Kd6 101. Kf6 e5 102. h5 gxh5 103. gxh5 e4 104. h6 e3
105. h7 e2 106. h8=Q e1=Q 107. Qd8+ Kc6 1/2-1/2

[Event "2012(Zaozhuang-China) Asian Nations Chess Cup"]
[Site "ZaoZhuang, China"]
[Date "2012.05.19"]
[Round "3"]
[Board "4"]
[White "Wen, Yang"]
[Black "Nguyen, Van Huy"]
[Result "1-0"]
[WhiteElo "2550"]
[BlackElo "2502"]
[PlyCount "0"]
[EventDate "2012.05.17"]
[EventType "team"]
[EventRounds "9"]
[EventCountry "CHN"]
[WhiteTeam "China 2"]
[BlackTeam "Vietnam"]

1. d4 Nf6 2. c4 e6 3. g3 Bb4+ 4. Bd2 Qe7 5. Bg2 Nc6 6. e3 e5 7. d5 Bxd2+ 8.
Qxd2 Nb8 9. Nc3 d6 10. Nge2 a5 11. h3 Na6 12. g4 h6 13. Ng3 Nc5 14. O-O-O Bd7
15. Kb1 b6 16. Qc2 g6 17. f4 O-O 18. f5 Kg7 19. e4 g5 20. Bf3 Rh8 21. Rh2 Ng8
22. Rdh1 f6 23. h4 Kf8 24. Qd2 gxh4 25. Nf1 Qg7 26. Qd1 Be8 27. Be2 Rh7 28.
Rxh4 Nb7 29. Qc2 Nd8 30. Nd1 Nf7 31. Nf2 Ng5 32. Nd2 Qd7 33. Nh3 Nxh3 34. R4xh3
Rg7 35. Qd3 Ke7 36. Rxh6 Nxh6 37. Rxh6 Bf7 38. Qh3 Rag8 39. Qh4 Qd8 40. c5 Kd7
41. c6+ Ke8 42. Nc4 Rg5 43. Na3 Ke7 44. Nb5 Qb8 45. a4 Qd8 46. Kc2 Qb8 47. Kb3
Qd8 48. Ka3 Qb8 49. Qh1 Qd8 50. b3 Qb8 51. Rh3 Rc8 52. Qe1 Rgg8 53. Qg3 Rg5 54.
Qh2 Rcg8 55. Rh6 Qd8 56. Qh3 Qb8 57. Qc3 Rc8 58. Rh7 Rcg8 59. Qe3 R8g7 60. Rh6
Rg8 61. Qc3 Rc8 62. Qh3 Rcg8 63. Kb2 Qd8 64. Qh4 Qb8 65. Kc2 Qd8 66. Qe1 Qb8
67. Rh3 Rc8 68. b4 axb4 69. Qxb4 Qa8 70. Ra3 Qa5 71. Qxa5 bxa5 72. Rb3 Rgg8 73.
Na7 Ra8 74. Rb7 Kd8 75. Nb5 Rc8 76. Ra7 Rh8 77. Nxd6 cxd6 78. Rxf7 Rh2 79. Kd1
Rc7 80. Rxf6 Rch7 81. Rf8+ Ke7 82. c7 Kxf8 83. c8=Q+ Kg7 84. g5 Rg2 85. Qd7+
1-0

[Event "2012(Zaozhuang-China) Asian Nations Chess Cup"]
[Site "ZaoZhuang, China"]
[Date "2012.05.19"]
[Round "3"]
[Board "1"]
[White "Gundavaa, Bayarsaikhan"]
[Black "Ghaem Maghami, Ehsan"]
[Result "1/2-1/2"]
[WhiteElo "2516"]
[BlackElo "2578"]
[PlyCount "0"]
[EventDate "2012.05.17"]
[EventType "team"]
[EventRounds "9"]
[EventCountry "CHN"]
[WhiteTeam "Mongolia"]
[BlackTeam "Iran"]

1. d4 Nf6 2. c4 e6 3. Nc3 Bb4 4. Qc2 O-O 5. e4 d6 6. Bd3 Nbd7 7. a3 Bxc3+ 8.
bxc3 c5 9. Ne2 Qc7 10. Ng3 e5 11. d5 Re8 12. O-O Nf8 13. Bg5 Ng4 14. f3 h6 15.
Bd2 Nf6 16. Nh1 Ng6 17. g3 Bd7 18. Nf2 a6 19. a4 Rab8 20. Kh1 b5 21. axb5 axb5
22. Rfb1 bxc4 23. Bxc4 Rxb1+ 24. Qxb1 Rb8 25. Qa2 Ne7 26. Rb1 Ne8 27. Kg2 Kh7
28. Rxb8 Qxb8 29. Qb3 Qa7 30. Bb5 Qb6 31. Ba4 Qa7 32. Bxd7 Qxd7 33. c4 f5 34.
Ba5 Nf6 35. Qb5 Qc8 36. Qb6 fxe4 37. fxe4 Qd7 38. Qd8 Nc8 39. Qxd7 Nxd7 40. Ng4
Kg8 41. Ne3 g6 42. Kf3 Kf7 43. g4 Ke8 44. h4 Nf6 45. Nf1 h5 46. gxh5 Nxh5 47.
Kg4 Nf6+ 48. Kf3 1/2-1/2

[Event "2012(Zaozhuang-China) Asian Nations Chess Cup"]
[Site "ZaoZhuang, China"]
[Date "2012.05.19"]
[Round "3"]
[Board "2"]
[White "Puria, Darini"]
[Black "Munkhgal, Gombosuren"]
[Result "1-0"]
[WhiteElo "2491"]
[BlackElo "2387"]
[PlyCount "0"]
[EventDate "2012.05.17"]
[EventType "team"]
[EventRounds "9"]
[EventCountry "CHN"]
[WhiteTeam "Iran"]
[BlackTeam "Mongolia"]

1. e4 e6 2. d4 d5 3. Nc3 Bb4 4. e5 c5 5. a3 Bxc3+ 6. bxc3 Ne7 7. Nf3 b6 8. a4
Ba6 9. Bxa6 Nxa6 10. O-O O-O 11. Qd3 Nb8 12. Ng5 Ng6 13. f4 Qd7 14. Ba3 h6 15.
Nxe6 Qxe6 16. f5 Nxe5 17. Qg3 Nf3+ 18. Rxf3 Qf6 19. dxc5 Re8 20. Rd1 Nd7 21.
Rxd5 Nxc5 22. Bxc5 bxc5 23. Rd6 Re1+ 24. Qxe1 Qxd6 25. f6 Rd8 26. fxg7 Qd1 27.
Qxd1 Rxd1+ 28. Rf1 Rd2 29. Rf5 Rd1+ 30. Kf2 Ra1 31. Rxc5 Rxa4 32. Ke3 Kxg7 33.
c4 Ra1 34. Rf5 Kg6 35. Rf2 Rd1 36. c3 Rd7 37. Ra2 f6 38. Ke4 Kf7 39. Ra6 Ke7
40. Kf5 Rc7 41. g3 Rc5+ 42. Kg6 Rg5+ 43. Kxh6 Rg8 44. Rxa7+ Ke6 45. Ra2 Rc8 46.
Kg6 Rg8+ 47. Kh5 Rc8 48. Re2+ Kf7 49. Re3 Rxc4 50. g4 Ra4 51. Rf3 Ra2 52. h3
Kg7 53. Rd3 Ra5+ 54. Kh4 Ra4 55. Kg3 Kg6 56. Rf3 Ra2 57. Kf4 Re2 58. Re3 Rf2+
59. Ke4 Rd2 60. c4 Kf7 61. Rd3 Rf2 62. Rf3 Re2+ 63. Kd5 Rd2+ 64. Kc6 Ke7 65.
Re3+ Kd8 66. c5 Rf2 67. Kd6 f5 68. g5 f4 69. Re4 Rf3 70. h4 Rd3+ 71. Kc6 f3 72.
Rf4 Re3 73. Kd5 Ke7 74. c6 Ra3 75. Ke4 f2 76. Rxf2 Ra4+ 77. Kf5 Rxh4 78. Rc2
1-0

[Event "2012(Zaozhuang-China) Asian Nations Chess Cup"]
[Site "ZaoZhuang, China"]
[Date "2012.05.19"]
[Round "3"]
[Board "3"]
[White "Battulga, Namkhai"]
[Black "Golizadeh, Asghar"]
[Result "1/2-1/2"]
[WhiteElo "2397"]
[BlackElo "2482"]
[PlyCount "0"]
[EventDate "2012.05.17"]
[EventType "team"]
[EventRounds "9"]
[EventCountry "CHN"]
[WhiteTeam "Mongolia"]
[BlackTeam "Iran"]

1. e4 c5 2. Nf3 Nc6 3. d4 cxd4 4. Nxd4 g6 5. Nc3 Bg7 6. Be3 Nf6 7. Bc4 Qa5 8.
O-O O-O 9. Re1 d6 10. h3 Bd7 11. Nb3 Qd8 12. Bf1 a5 13. a4 Nb4 14. Qd2 Rc8 15.
f3 Be6 16. Nd4 Nd7 17. Ncb5 Nc5 18. c3 Nc6 19. Nxe6 Nxe6 20. Qf2 Qd7 21. Red1
f5 22. exf5 Rxf5 23. Bd3 Rf6 24. Be4 Kh8 25. c4 Nb8 26. Rac1 Nc5 27. Bc2 Rff8
28. b3 Qe6 29. Re1 Qf7 30. Bxc5 Rxc5 31. Be4 Nc6 32. Bd5 Qf4 33. g3 Qf5 34. Kg2
Nb4 35. Be4 Qf6 36. Rcd1 b6 37. f4 Qf7 38. Qf3 Bf6 39. Re2 Kg7 40. f5 gxf5 41.
Bxf5 Nc6 42. Qg4+ Kh8 43. Be6 Qg6 44. Qxg6 hxg6 45. Bd5 Nb4 46. Be4 Kg7 47. Bf3
Na6 48. Bb7 Nb4 49. Bf3 Na6 50. Bb7 Nb4 51. Bf3 Na6 52. Bb7 1/2-1/2

[Event "2012(Zaozhuang-China) Asian Nations Chess Cup"]
[Site "ZaoZhuang, China"]
[Date "2012.05.19"]
[Round "3"]
[Board "4"]
[White "Mahjoob, Morteza"]
[Black "Nasanjargal, Urtnasan"]
[Result "1/2-1/2"]
[WhiteElo "2424"]
[BlackElo "2304"]
[PlyCount "0"]
[EventDate "2012.05.17"]
[EventType "team"]
[EventRounds "9"]
[EventCountry "CHN"]
[WhiteTeam "Iran"]
[BlackTeam "Mongolia"]

1. d4 Nf6 2. c4 g6 3. g3 Bg7 4. Bg2 O-O 5. Nc3 d6 6. Nf3 Nc6 7. O-O a6 8. d5
Na5 9. b3 c5 10. Bb2 Bd7 11. Nd2 b5 12. Qc2 Qc7 13. h3 Rfb8 14. Nd1 Be8 15. e4
bxc4 16. bxc4 Rb4 17. Bc3 Rc8 18. Nb2 Nh5 19. Bxg7 Nxg7 20. Nd3 Rbb8 21. Rfe1
Nb7 22. f4 Qa5 23. Qc1 e6 24. e5 exd5 25. cxd5 Nf5 26. Ne4 c4 27. Ndf2 Nc5 28.
Nf6+ Kh8 29. Nxe8 Nd3 30. Nxd3 cxd3 31. Qd1 d2 32. Re2 Qc3 33. Rxd2 Qe3+ 34.
Rf2 Rxe8 35. Qf3 Qxf3 36. Rxf3 dxe5 37. Re1 exf4 38. Rxe8+ Rxe8 39. Rxf4 Re1+
40. Rf1 Re2 41. Rf2 Re1+ 42. Rf1 Re2 43. Rf2 Re1+ 44. Kh2 Ne3 45. Rd2 Nxg2 46.
Kxg2 Kg7 47. d6 Re8 48. Kf3 Kf6 49. d7 Rd8 50. Rd6+ Ke5 51. Rxa6 Rxd7 52. Ra5+
Ke6 53. Ke4 Rd1 54. Ra6+ Ke7 55. a4 Rg1 56. Kf3 Ra1 57. h4 h5 58. Kf4 Rf1+ 59.
Ke3 Ra1 60. Ke4 Rb1 61. Ra7+ Kf6 62. Ra6+ Kg7 63. Rd6 Ra1 64. Ra6 Ra3 65. Kf4
Ra1 66. Kf3 Kf8 67. Ra7 Rb1 68. a5 Rb3+ 69. Kf4 Rb4+ 70. Kf3 Ra4 71. Ke3 Kg7
72. Ra6 Ra3+ 73. Kf4 Ra1 74. Kf3 Rf1+ 75. Ke2 Rf5 76. Ke3 Kh6 77. Ra8 Kg7 78.
Ra6 f6 79. Ra7+ Kh6 80. a6 g5 81. hxg5+ Rxg5 82. Kf3 Ra5 83. Ra8 Kg5 84. a7 Kf5
85. Kg2 Ra3 86. Kh2 Ra2+ 87. Kh3 Ra3 88. Kg2 Ra2+ 89. Kf3 Ra3+ 90. Ke2 Ra2+ 91.
Kd3 Ra3+ 92. Kd4 Ra4+ 93. Kc5 Ra1 94. Kd6 Ra2 95. Ke7 Ra6 96. Kd7 Ra1 97. Kd6
Ra2 98. Kc5 Ra1 99. Kd4 Ra2 100. Kc3 Ra1 101. Kd2 Ra2+ 1/2-1/2

[Event "2012(Zaozhuang-China) Asian Nations Chess Cup"]
[Site "ZaoZhuang, China"]
[Date "2012.05.19"]
[Round "3"]
[Board "2"]
[White "Kazhgaleyev, Murtas"]
[Black "Ahmed, Hatem Ebrahim"]
[Result "1-0"]
[WhiteElo "2595"]
[BlackElo "2278"]
[PlyCount "0"]
[EventDate "2012.05.17"]
[EventType "team"]
[EventRounds "9"]
[EventCountry "CHN"]
[WhiteTeam "Kazakhstan"]
[BlackTeam "Yemen"]

1. d4 Nf6 2. c4 d6 3. Nf3 g6 4. Nc3 Bg7 5. Bg5 h6 6. Bh4 g5 7. Bg3 Nh5 8. e3
Nxg3 9. hxg3 Nc6 10. Qc2 e5 11. dxe5 Nxe5 12. O-O-O g4 13. Nxe5 Bxe5 14. c5 Be6
15. f4 gxf3 16. gxf3 Qf6 17. Nb5 Qxf3 18. Nxc7+ Ke7 19. Nxa8 Rxa8 20. cxd6+
Bxd6 21. Bg2 Qxe3+ 22. Kb1 Qxg3 23. Rhe1 Kf8 24. Rf1 Rc8 25. Qd2 Qg6+ 26. Ka1
Be5 27. Qb4+ Kg8 28. Be4 a5 29. Qxb7 Qh5 30. Rd2 Bg7 31. Rg1 Qc5 32. Rdg2 Qc1+
33. Bb1 Qxg1 1-0

[Event "2012(Zaozhuang-China) Asian Nations Chess Cup"]
[Site "ZaoZhuang, China"]
[Date "2012.05.19"]
[Round "3"]
[Board "3"]
[White "Ali, Yahya Saleh"]
[Black "Khusnutdinov, Rustam"]
[Result "1/2-1/2"]
[WhiteElo "2256"]
[BlackElo "2509"]
[PlyCount "0"]
[EventDate "2012.05.17"]
[EventType "team"]
[EventRounds "9"]
[EventCountry "CHN"]
[WhiteTeam "Yemen"]
[BlackTeam "Kazakhstan"]

1. Nf3 g6 2. c4 Nf6 3. Nc3 d5 4. cxd5 Nxd5 5. e4 Nxc3 6. bxc3 Bg7 7. d4 c5 8.
Be2 Nc6 9. Be3 Bg4 10. e5 O-O 11. O-O cxd4 12. cxd4 Qd7 13. h3 Bxf3 14. Bxf3
Rfd8 15. Rb1 Rab8 16. Bxc6 Qxc6 17. Qb3 b6 18. Rfc1 Qd7 19. Rc3 h6 20. Rbc1
Rbc8 21. Qa3 Rxc3 22. Rxc3 Kh7 23. Qc1 Qd5 24. Qc2 e6 25. Rc7 Rd7 26. Rc8 b5
27. Qc6 b4 28. Qa4 Qb7 29. Rc4 Bf8 30. Qc2 Qd5 31. Rc8 Rd8 32. Rc7 Rd7 33. Rc8
Rd8 34. Rc7 Rd7 1/2-1/2

[Event "2012(Zaozhuang-China) Asian Nations Chess Cup"]
[Site "ZaoZhuang, China"]
[Date "2012.05.19"]
[Round "3"]
[Board "1"]
[White "Zhang, Zhong"]
[Black "Megaranto, Susanto"]
[Result "1/2-1/2"]
[WhiteElo "2593"]
[BlackElo "2517"]
[PlyCount "0"]
[EventDate "2012.05.17"]
[EventType "team"]
[EventRounds "9"]
[EventCountry "CHN"]
[WhiteTeam "Singapore"]
[BlackTeam "Indonesia"]

1. e4 Nf6 2. e5 Nd5 3. d4 d6 4. Nf3 Bg4 5. Be2 e6 6. O-O Be7 7. c4 Nb6 8. exd6
cxd6 9. h3 Bh5 10. Nc3 O-O 11. Be3 d5 12. c5 Bxf3 13. Bxf3 Nc4 14. Bf4 Nc6 15.
b3 N4a5 16. Rc1 Bf6 17. Ne2 b6 18. Qd2 bxc5 19. dxc5 Ne5 20. Bxe5 Bxe5 21. b4
Nc6 22. b5 Qa5 23. Qd3 Ne7 24. Qe3 Bf6 25. Qb3 Rab8 26. a4 Rfc8 27. Rc2 a6 28.
Rb1 Nc6 29. Bg4 g6 30. Rcc1 Kg7 31. Nf4 axb5 32. Bxe6 Nd4 33. Qxd5 fxe6 34.
Nxe6+ Nxe6 35. Qd7+ Kh8 36. Qxe6 Rf8 37. Rxb5 Rxb5 38. axb5 Qxb5 39. Qd6 Qb8
40. Qd5 Qe5 41. Qxe5 Bxe5 42. c6 Kg7 43. g3 Bd4 44. Rc2 Kf6 45. Kg2 Ke5 46. c7
Rc8 47. f4+ Kd6 48. Kf3 Rxc7 49. Rxc7 Kxc7 50. f5 Kd6 51. fxg6 hxg6 52. h4 Bf6
53. Kg4 Ke5 54. h5 gxh5+ 1/2-1/2

[Event "2012(Zaozhuang-China) Asian Nations Chess Cup"]
[Site "ZaoZhuang, China"]
[Date "2012.05.19"]
[Round "3"]
[Board "2"]
[White "Hamdani, Rudin"]
[Black "Goh, Wei Ming Kevin"]
[Result "0-1"]
[WhiteElo "2322"]
[BlackElo "2426"]
[PlyCount "0"]
[EventDate "2012.05.17"]
[EventType "team"]
[EventRounds "9"]
[EventCountry "CHN"]
[WhiteTeam "Indonesia"]
[BlackTeam "Singapore"]

1. e4 e6 2. d4 d5 3. e5 c5 4. c3 Nc6 5. Nf3 Nh6 6. Bxh6 gxh6 7. dxc5 Bxc5 8.
Bd3 f6 9. b4 Bb6 10. O-O O-O 11. Nbd2 Nxe5 12. Bc2 Bd7 13. Qe2 Ng6 14. Bxg6
hxg6 15. c4 Kg7 16. Rac1 Rc8 17. Rfe1 Re8 18. Qd1 a6 19. h4 Re7 20. h5 g5 21.
Qb3 Qe8 22. Qb2 Qxh5 23. Rcd1 e5 24. Nxe5 Rxe5 25. Nf3 Rxe1+ 26. Rxe1 Qf7 27.
cxd5 Re8 28. Rd1 Ba4 29. Rd2 Bd7 30. Qc3 Qh5 31. Rd1 g4 32. Nd4 Qxd5 33. Rd2
Re1+ 34. Kh2 Qe5+ 0-1

[Event "2012(Zaozhuang-China) Asian Nations Chess Cup"]
[Site "ZaoZhuang, China"]
[Date "2012.05.19"]
[Round "3"]
[Board "1"]
[White "Lai, Cyrus Ho-yeung"]
[Black "Camacho Collados, Jose"]
[Result "0-1"]
[WhiteElo "1826"]
[BlackElo "2353"]
[PlyCount "0"]
[EventDate "2012.05.17"]
[EventType "team"]
[EventRounds "9"]
[EventCountry "CHN"]
[WhiteTeam "Hong Kong"]
[BlackTeam "Korea"]

1. e4 c5 2. Nf3 Nc6 3. d4 cxd4 4. Nxd4 Nf6 5. Nc3 e6 6. Ndb5 Bc5 7. Bf4 O-O 8.
Bc7 Qe7 9. Bd6 Bxd6 10. Qxd6 Qd8 11. Be2 a6 12. Nd4 Qb6 13. Nb3 a5 14. a4 Qb4
15. O-O-O Rd8 16. h4 Ne8 17. Qg3 Nf6 18. Qd6 Qxd6 19. Rxd6 Kf8 20. Rhd1 Ke7 21.
g4 b6 22. g5 Ne8 23. R6d2 Bb7 24. Nd4 Nb4 25. Ndb5 d6 26. f3 Rac8 27. Kb1 Rc5
28. Na2 Nc6 29. f4 Nb8 30. Bd3 Na6 31. c3 Rcc8 32. b4 e5 33. Na7 Rc7 34. Bxa6
Bxa6 35. Nb5 Bxb5 36. axb5 exf4 37. bxa5 bxa5 38. e5 Rc5 39. Rd5 Rxd5 40. Rxd5
Ke6 41. Rd4 f3 42. Rd3 f2 43. Rf3 dxe5 44. Rxf2 Nd6 45. c4 Nxc4 46. Nc3 Rc8 47.
Kc2 Nd6 48. Kb3 Rxc3+ 0-1